Biggest Cities in Countries that Start with S - Statistics

General Stats
  • This quiz has been taken 155 times
  • The average score is 12 of 20
Answer Stats
Population City % Correct
2,075,000 Stockholm
87%
24,400,000 Seoul
83%
6,250,000 Madrid
78%
13,400,000 Johannesburg
77%
4,125,000 Cape Town
75%
6,900,000 Singapore
75%
4,650,000 Barcelona
70%
6,700,000 Riyadh
70%
5,550,000 Khartoum
64%
3,475,000 Damascus
59%
4,275,000 Busan
52%
3,300,000 Dakar
52%
3,225,000 Durban
52%
1,870,000 Mecca
52%
1,750,000 Valencia
49%
4,225,000 Jeddah
48%
4,675,000 Colombo
46%
2,125,000 Aleppo
41%
2,750,000 Daegu
27%
2,350,000 Dammam
18%
No matching quizzes found
Score Distribution
Percent of People with Each Score
Percentile by Number Answered
Your Score History
You have not taken this quiz